Pays qui ne battent pas les Tuvalu - Statistiques

Statistiques générales
  • Ce quiz a été pris 212 fois
  • Le résultat moyen est 8 sur 12
Statistiques - réponses
Rang Catégorie Pays % Correct
194 Le plus peuplé Nauru | Vatican
98%
193 Surface du territoire Nauru | Monaco | Vatican
90%
188 ex-æquo Le plus deviné au quiz Pays du monde Salomon | Sao Tomé-et-Principe | Saint-Christophe- et-Niévès | Timor oriental | Kiribati | Palaos | Nauru
87%
187 Le plus haut dans l'ordre alphabétique Ukraine | Uruguay | Vanuatu | Vatican | Venezuela | Viêt Nam | Yémen | Zambie | Zimbabwe
85%
194 Avec le plus de Touristes en 2018 Nauru | Somalie
76%
193 Taux d'obésité le plus faible Nauru | Palaos | Îles Marshall
74%
188 ex-æquo Capitale la plus devinée au quiz Capitales du monde Nauru | Micronésie | Salomon | Tonga | Palaos | Kiribati | Îles Marshall
72%
191 À devenir état membre de l'ONU Serbie | Suisse | Timor oriental | Monténégro | Soudan du Sud
59%
193 Avec le plus grand parlement Saint-Christophe-et-Niévès | Micronésie | Vatican
54%
193 Le moins à risque aux changements climatiques Kiribati | Maldives | Vanuatu
52%
192 Avec la température moyenne la plus froide Burkina Faso | Mali | Kiribati | Djibouti
38%
195 Volume d'importation le plus important Îles Marshall
30%
Aucun quiz correspondant
Distribution des résultats
% des personnes avec chaque résultat
Percentile par nombre de réponses
Votre historique - résultats
Vous n’avez pas pris ce quiz